00507nam a2200157 a 450000500170000000800410001702000180005805000230007610000200009924500840011926000510020330000160025444000320027050000280030265000190033020140412111309.0010404s19uu xx 00 eng d a1-57471-124-5 aTR(PS EbHo83 1996 aHood, Christine aHow can I help? /cwritten by Christine Hood ; photographed by Michael Jarrett. aCypress, CA :bCreative Teaching Press,c1996. a8 p. ; ill. aRead to Learn-Learn to Read aEmergent Reader Level I aSocial studies